000 01158nam a22003257a 4500
001 BR2012001081
003 BR-BrBNA
005 20230928103852.0
007 ta
008 230509b bl.||||| |||| 00| 0 por d
040 _aBR-BrBNA
_bpor
_cBiblioteca Nacional de Agricultura
041 _a(Por)
072 _aL73; C10
_b4140
090 _ 4140 BR2012001081
100 1 _aRibeiro, L.M.L.
110 1 _aUniversidade Federal de Minas Gerais, Belo Horizonte (Brasil). Escola de Veterinária
_0Tese (Mestre em Ciência Animal)
245 1 _aAnálise do conhecimento, sobre leishmaniose visceral e outras zoonoses, de docentes dos três primeiros anos do ensino fundamental em escolas da região noroeste de belo Horizonte, Minas Gerais, 2008
260 3 _aBelo Horizonte, MG (Brasil):
_c2010.
300 _a113 p.
500 _aSummaries (Eng, Por); Bibliography p. 105-109; 26 tables; 10 illus.
650 _aLEISHMANIOSE
650 _aTRANSMISSÃO DE DOENÇA
650 _aZOONOSE
650 _aESCOLA
650 _aENSINO MÉDIO
650 _aPESQUISA
650 _aMINAS GERAIS
909 _a202309
_bLucia
_c55
_dLucia Elande
942 _cBK
999 _c77002
_d77002